000 01142nac a22004570a 4500
001 PT54390
003 AR-LpoUNG
005 20210201005533.0
008 201001s1994||||sp |||||||||||||||||spa d
020 _a8475836968
_c$28
040 _aAR-LpoUNG
_bspa
_eaacr
041 _aspa
044 _asp
082 0 _aR909 794rus-v2
100 1 _aMilner-Gulland, Robin
245 1 0 _aRusia :
_bde los zares a los soviets
260 _aBarcelona :
_bFolio,
_c1994.
300 _a[119] p. :
_bil., mapas, gráfs., fot.
_3Impreso
490 0 _aAtlas culturales del mundo
650 4 _aANALISIS HISTORICO
650 4 _aARTE
650 4 _aASIA CENTRAL
650 4 _aASPECTOS GEOGRAFICOS
650 4 _aATLAS
650 4 _aCIVILIZACION
650 4 _aCOMUNISMO
650 4 _aCULTURA
650 4 _aFACTORES CULTURALES
650 4 _aFEDERACION DE RUSIA
650 4 _aGUERRA
650 4 _aHISTORIA
650 4 _aLENGUA RUSA
650 4 _aMATERIAL DE REFERENCIA
650 4 _aRELIGION
650 4 _aREVOLUCION
650 4 _aSOCIEDAD
651 4 _aMundial
653 _aANARQUISMO
905 _a54390
942 _cLSALA
999 _c50117
_d50117